The craft of teaching (Record no. 377865)

000 -LEADER
fixed length control field 00384cam a22001457a 4500
008 - FIXED-LENGTH DATA ELEMENTS--GENERAL INFORMATION
fixed length control field 180718b1995 xxu||||| |||| 00| 0 eng d
020 ## - INTERNATIONAL STANDARD BOOK NUMBER
International Standard Book Number 8122004008
082 ## - DEWEY DECIMAL CLASSIFICATION NUMBER
Classification number P14 Si64
245 ## - TITLE STATEMENT
Title The craft of teaching
Statement of responsibility, etc. edited by Amrik Singh
260 ## - PUBLICATION, DISTRIBUTION, ETC.
Place of publication, distribution, etc. New Delhi
Name of publisher, distributor, etc. Konark
Date of publication, distribution, etc. 1995
300 ## - PHYSICAL DESCRIPTION
Extent 210p.
650 ## - SUBJECT ADDED ENTRY--TOPICAL TERM
Topical term or geographic name entry element Teaching,Freedom of India
650 ## - SUBJECT ADDED ENTRY--TOPICAL TERM
Topical term or geographic name entry element Teaching
700 ## - ADDED ENTRY--PERSONAL NAME
Personal name Amrik Singh, ed.
Holdings
Withdrawn status Lost status Damaged status Not for loan Permanent Location Current Location Date acquired Total Checkouts Full call number Barcode Checked out Date last seen Date last checked out Price effective from Koha item type
        Indian Institute of Public Administration Indian Institute of Public Administration 1995-06-07 1 P14 Si64 69532 2019-06-18 2019-06-01 2019-06-01 2018-07-21 Book

Powered by Koha